ARRUPE JESUIT UNIVERSITY

CORONAVIRUS -STOP THE SPREAD - CLEAN,DISINFECT,COVER

Who's who of Southern Africa (Record no. 124256)

MARC details
000 -LEADER
fixed length control field 00472nam a22001457a 4500
005 - DATE AND TIME OF LATEST TRANSACTION
control field 20160302112420.0
008 - FIXED-LENGTH DATA ELEMENTS--GENERAL INFORMATION
fixed length control field 160301b xxu||||| |||| 00| 0 eng d
050 ## - LIBRARY OF CONGRESS CALL NUMBER
Classification number REF DT1948.W56 1968
100 ## - MAIN ENTRY--PERSONAL NAME
Personal name Combined publishers
9 (RLIN) 22672
245 ## - TITLE STATEMENT
Title Who's who of Southern Africa
Statement of responsibility, etc by Combined publishers
260 ## - PUBLICATION, DISTRIBUTION, ETC. (IMPRINT)
Place of publication, distribution, etc Johannesburg
Name of publisher, distributor, etc Combined publishers
Date of publication, distribution, etc 1968
300 ## - PHYSICAL DESCRIPTION
Extent vii, 1257-173p.;
Dimensions 25cm.
651 ## - SUBJECT ADDED ENTRY--GEOGRAPHIC NAME
Geographic name Africa, Southern
Source of heading or term Biography
9 (RLIN) 22601
942 ## - ADDED ENTRY ELEMENTS (KOHA)
Source of classification or shelving scheme Library of Congress Classification
Item type Monograph ( Printed materials)
Holdings
Withdrawn status Lost status Source of classification or shelving scheme Damaged status Not for loan Collection code Home library Current library Shelving location Date acquired Total Checkouts Full call number Barcode Date last seen Price effective from Koha item type
    Library of Congress Classification     Main Collection ARRUPE LIBRARY ARRUPE LIBRARY Main Collection 01/03/2016   REF DT1948.W56 1968 46500006708 01/03/2016 01/03/2016 REFERENCE

 

Arrupe Library. PO Box MP320 Mt Pleasant, Harare, Zimbabwe
263 242 745411|librarian@aju.ac.zw